| 000 | 01161nam a2200253Ia 4500 | ||
|---|---|---|---|
| 999 |
_c42056 _d42056 |
||
| 001 | 8746 | ||
| 003 | GE_BSU | ||
| 005 | 20211119120021.0 | ||
| 008 | 181216s2014||||ge |||||||||||||| ||geo|| | ||
| 020 | _a9789941222139 | ||
| 040 | _cGE_BSU | ||
| 041 | _ageo | ||
| 080 | _a338.48-6(075.8) გ–59 | ||
| 100 |
_aგოგელია, მამუკა _911604 |
||
| 245 |
_aეკოლოგიური ტურიზმის განვითარების სტრატეგიების ფორმირება : _bმონოგრაფია / _cმამუკა გოგელია ; რედ. როსტომ ბერიძე. |
||
| 264 |
_aთბილისი: _bუნივერსალი, _c2014. |
||
| 300 |
_e202 გვ. : _aცხრ. ; _b20 სმ. |
||
| 501 | _aდანართები: გვ. 181-202. | ||
| 504 | _a ბიბლიოგრ.: გვ. 172-180. | ||
| 653 | _a ეკოლოგიური ტურიზმი | ||
| 653 | _aსახელმძღვანელო | ||
| 700 |
_aბერიძე, როსტომ _eრედაქტორი _91686 |
||
| 942 |
_cBK _2udc |
||